| 000 | 01581nam a2200421Ia 4500 | ||
|---|---|---|---|
| 001 | ebr10533693 | ||
| 003 | CaPaEBR | ||
| 006 | m u | ||
| 007 | cr cn||||||||| | ||
| 008 | 111108s2012 ctua sb 001 0 eng d | ||
| 010 | _z 2011043352 | ||
| 020 | _z9780819572318 | ||
| 020 | _z9780819572325 | ||
| 020 | _z9780819572332 | ||
| 040 |
_aCaPaEBR _cCaPaEBR |
||
| 035 | _a(OCoLC)785782406 | ||
| 050 | 1 | 4 |
_aQL85 _b.S795 2012eb |
| 082 | 0 | 4 |
_a590 _223 |
| 100 | 1 | _aStibbe, Arran. | |
| 245 | 1 | 0 |
_aAnimals erased _h[electronic resource] : _bdiscourse, ecology, and reconnection with the natural world / _cArran Stibbe. |
| 260 |
_aMiddletown, Conn. : _bWesleyan University Press, _cc2012. |
||
| 300 |
_aviii, 213 p. : _bill. |
||
| 504 | _aIncludes bibliographical references and index. | ||
| 533 |
_aElectronic reproduction. _bPalo Alto, Calif. : _cebrary, _d2011. _nAvailable via World Wide Web. _nAccess may be limited to ebrary affiliated libraries. |
||
| 650 | 0 | _aHuman-animal relationships. | |
| 650 | 0 | _aAnimals and civilization. | |
| 650 | 0 |
_aAnimals _xSocial aspects. |
|
| 650 | 0 | _aDiscourse analysis. | |
| 650 | 0 | _aAnimal welfare. | |
| 650 | 0 |
_aNature _xEffect of human beings on. |
|
| 650 | 0 |
_aHuman ecology _xPhilosophy. |
|
| 650 | 0 | _aEnvironmental ethics. | |
| 650 | 0 |
_aEcology _xPhilosophy. |
|
| 650 | 0 |
_aEcology _xMoral and ethical aspects. |
|
| 655 | 7 |
_aElectronic books. _2local |
|
| 710 | 2 | _aebrary, Inc. | |
| 856 | 4 | 0 |
_uhttp://site.ebrary.com/lib/rucke/Doc?id=10533693 _zAn electronic book accessible through the World Wide Web; click to view |
| 999 |
_c148336 _d148336 |
||